000 00938nam a22001337a 4500
999 _c532364
_d532364
008 260130b ||||| |||| 00| 0 eng d
100 _aSharma, Rashi
_958645
245 _aKhadi: Innovations crafting new trends
260 _aKurukshetra
300 _a74(2), Dec, 2025: p.5-8
520 _aKhadi, India’s laconic hand spum and hand-woven fabric, has undergone profound transformation from its origins in ancient India to its contemporary relevance in sustainable global fashion. Historically associated with the Swadesh movement and Gandhian ideals of self reliance. Khadi experienced a period of stagnation. However, it has now re emerged as a premium, eco-conscious textile embraced by designers, policymakers, and consumers. This article analyses the evolution of Khadi, recent shifts in public perception, and the socioeconomic and cultural forces driving its revival. – Reproduced
773 _aKurukshetra
942 _cAR